La defensa convencional de los derechos de España ¿es posible el diálogo entre tribunales? (Registro nro. 201020)
[ vista simple ]
| 000 -CABECERA | |
|---|---|
| campo de control de longitud fija | 01229nam a2200337 c 4500 |
| 001 - NÚMERO DE CONTROL | |
| campo de control | 201020 |
| 003 - IDENTIFICADOR DEL NÚMERO DE CONTROL | |
| campo de control | ES-MaBCM |
| 005 - FECHA Y HORA DE LA ÚLTIMA TRANSACCIÓN | |
| campo de control | 20230228070348.0 |
| 008 - CÓDIGOS DE INFORMACIÓN DE LONGITUD FIJA | |
| campo de control de longitud fija | 151111s2015 sp | ||||o000 0 spa |
| 017 ## - NÚMERO DE COPYRIGHT O DE DEPÓSITO LEGAL | |
| Depósito legal | M 23988-2015 |
| 020 ## - NÚMERO INTERNACIONAL NORMALIZADO PARA LIBROS(ISBN) | |
| Número Internacional Normalizado para Libros (ISBN) | 978-84-7351-456-9 |
| 021 ## - | |
| -- | xx |
| 024 7# - OTROS IDENTIFICADORES NORMALIZADOS | |
| Número normalizado o código | 635-15-035-4 |
| Fuente del número o código | NIPO |
| 035 ## - NÚMERO DE CONTROL DEL SISTEMA | |
| Número de control de sistema | (OCoLC)931008584 |
| 040 ## - FUENTE DE LA CATALOGACIÓN | |
| Centro transcriptor | ES-MaBCM |
| 100 1# - PUNTO DE ACCESO PRINCIPAL - NOMBRE DE PERSONA | |
| Nombre de persona | Pérez Sola, Nicolás |
| 9 (RLIN) | 36523 |
| 245 13 - MENCIÓN DE TÍTULO | |
| Título | La defensa convencional de los derechos de España ¿es posible el diálogo entre tribunales? |
| Mención de responsabilidad etc. | Nicolás Pérez Sola |
| 250 ## - MENCIÓN DE EDICIÓN | |
| Mención de edición | 1ª ed. |
| 260 ## - PUBLICACIÓN, DISTRIBUCIÓN, ETC. (PIE DE IMPRENTA) | |
| Lugar de publicación distribución etc. | Madrid : |
| Nombre del editor distribuidor etc. | Instituto Nacional de Administración Pública, |
| Fecha de publicación distribución etc. | 2015 |
| 300 ## - DESCRIPCIÓN FÍSICA | |
| Extensión | 221 p. ; |
| Dimensiones | 24 cm |
| 490 0# - MENCIÓN DE SERIE | |
| Mención de serie | Monografías / INAP, Instituto Nacional de Administración Pública |
| 504 ## - NOTA DE BIBLIOGRAFÍA, ETC. | |
| Nota de bibliografía etc. | Bibliografía: p. 213-221 |
| 586 ## - NOTA DE PREMIOS | |
| Nota de premios | II Premio Internacional de Investigación Jurídica Lorenzo Martín-Retortillo Baquer, 2015 |
| 610 27 - PUNTO DE ACCESO ADICIONAL DE MATERIA--NOMBRE DE ENTIDAD CORPORATIVA | |
| Nombre de entidad corporativa o nombre de jurisdicción como elemento inicial | Tribunal Europeo de Derechos Humanos |
| 650 27 - PUNTO DE ACCESO ADICIONAL DE MATERIA--TÉRMINO DE MATERIA | |
| Término de materia o nombre geográfico como elemento inicial | Derechos políticos |
| 9 (RLIN) | 58365 |
| 650 27 - PUNTO DE ACCESO ADICIONAL DE MATERIA--TÉRMINO DE MATERIA | |
| Término de materia o nombre geográfico como elemento inicial | Derechos cívicos |
| 9 (RLIN) | 58358 |
| 651 #4 - PUNTO DE ACCESO ADICIONAL DE MATERIA--NOMBRE GEOGRÁFICO | |
| Nombre geográfico | España |
| 9 (RLIN) | 115342 |
| 655 #4 - TÉRMINO DE INDIZACIÓN--GÉNERO/FORMA | |
| 9 (RLIN) | 115565 |
| Datos o término principal de género/forma | Jurisprudencia |
| 710 2# - PUNTO DE ACCESO ADICIONAL--NOMBRE DE ENTIDAD CORPORATIVA | |
| 9 (RLIN) | 52380 |
| Nombre de entidad o nombre de jurisdicción como elemento inicial | Instituto Nacional de Administración Pública (España) |
| Sede del congreso | (España) |
| 942 ## - ELEMENTOS DE PUNTO DE ACCESO ADICIONAL (KOHA) | |
| Fuente del sistema de clasificación o colocación | Universal Decimal Classification |
| Tipo de ítem Koha | Libros |
| Estado de retiro | Estado de pérdida | Fuente del sistema de clasificación o colocación | Estado dañado | No para préstamo | Localización permanente | Ubicación/localización actual | Ubicación en estantería | Fecha de adquisición | Fuente de adquisición | Total de préstamos | Signatura topográfica completa | Código de barras | Fecha visto por última vez | Precio válido a partir de | Tipo de ítem Koha |
|---|---|---|---|---|---|---|---|---|---|---|---|---|---|---|---|
| Universal Decimal Classification | Biblioteca Central del Ministerio de la Presidencia | Biblioteca Central del Ministerio de la Presidencia | Sala | 15/01/2016 | Sub. Gral de Publicaciones | 58040 | 1070794 | 15/01/2016 | 15/01/2016 | Libros |
